000 00396nam a2200145 i 4500
001 bg
100 1 _aBOGDASZEWSKI, Henryk
245 0 _aPrzewody z tworzyw sztucznych stosowane w budownictwie ogólnym i przemysłowym /
_cHenryk Bogdaszewski.
260 _aWarszawa,
_c1977.
040 _cBPK
041 _apol
080 _a669:678
942 _cKS
008 s pl f |000 0 pol
999 _c27868
_d27868
856 _uhttp://koha.tu.koszalin.pl/cgi-bin/koha/opac-detail.pl?biblionumber=27868
_yKatalog online BPK